00394nam a2200145 a 45000010010000000030011000100080041000210350026000620820015000881000016001032450021001192600047001406500018001878560043002050000-9160ELIB.Books110520 1966  a(ELIB.Books)0000-9312 a28.5 bHun aHunt, Irene aUp A Road Slowly bChicago: Follett Publishing Company c1966 aYoung Readers nK.B.T.S LibraryuK.B.T.S Library ELIB.